| 000 | 00809nam a22002295i 4500 | ||
|---|---|---|---|
| 001 | 156441 | ||
| 003 | ES-MaACL | ||
| 005 | 20230906210417.0 | ||
| 008 | 990713m18451947fr |||| | lat d | ||
| 040 |
_aAN _bspa _cAN |
||
| 100 | 0 |
_aJosefo, Flavio. _966979 |
|
| 245 | 1 | 0 |
_aPhlabiou Iosepou ta euriskomena _b: = Flavii Josephi Opera : graece et latine / _crecognovit Guilelmus Dindorfius. |
| 260 |
_aParisiis : _beditore Ambrosio Firmin Didot, _c1845-1847. |
||
| 300 |
_a2 v. ; _c27 cm. |
||
| 490 | 1 | _aScriptorum graecorum bibliotheca | |
| 597 | _aTexto paralelo en griego y latÃn a dos col. | ||
| 700 | 1 |
_aDindorf, Wilhelm ( _d1802-1883) _9158580 |
|
| 830 | 0 |
_aScriptorum graecorum bibliotheca _9182435 |
|
| 852 |
_aES-MaACL _jB-2497-98 _z-- Enc. hol. |
||
| 999 |
_c156441 _d156441 |
||